书目信息 |
| 题名: |
教你体操
|
|
| 作者: | 王亚平 , 于刚, 主编 | |
| 分册: | ||
| 出版信息: | 天津 天津科学技术出版社 2019 |
|
| 页数: | 178 | |
| 开本: | 24cm | |
| 丛书名: | 健康中国 | |
| 单 册: | ||
| 中图分类: | G83 | |
| 科图分类: | ||
| 主题词: | 体操--ti cao--基本知识 | |
| 电子资源: | ||
| ISBN: | 978-7-5576-5646-1 | |
| 000 | 00860nam0 2200289 450 | |
| 001 | 012001003185 | |
| 005 | 20140102130928.0 | |
| 010 | @a978-7-5576-5646-1@dCNY35.00 | |
| 099 | @aCAL 012019089636 | |
| 100 | @a20190711d2019 em y0chiy50 ea | |
| 101 | 0 | @achi |
| 102 | @aCN | |
| 105 | @aak z 000yy | |
| 106 | @ar | |
| 200 | 1 | @a教你体操@Ajiao ni ti cao@d= Gymnastics@f王亚平, 于刚主编@zeng |
| 210 | @a天津@c天津科学技术出版社@d2019 | |
| 215 | @a178@c图@d24cm | |
| 225 | 2 | @a健康中国@Ajian kang zhong guo |
| 314 | @a于刚, 1975年出生于山东省文登县, 1998年毕业于北京体育大学。 | |
| 410 | 0 | @12001 @a健康中国 |
| 510 | 1 | @aGymnastics@zeng |
| 606 | 0 | @a体操@Ati cao@j基本知识 |
| 690 | @aG83@v5 | |
| 701 | 0 | @a王亚平@Awang ya ping@4主编 |
| 701 | 0 | @a于刚,@AYu Gang@f1975-@4主编 |
| 801 | @b江苏凤凰@c20191020 | |
| 905 | @b1235374-9@dG83@e182@f6 | |
| 教你体操= Gymnastics/王亚平, 于刚主编.-天津:天津科学技术出版社,2019 |
| 178:图;24cm.-(健康中国) |
| ISBN 978-7-5576-5646-1:CNY35.00 |
| ● |
| 相关链接 |
|
|
|
|
正题名:教你体操
索取号:G83/182
 
预约/预借
| 序号 | 登录号 | 条形码 | 馆藏地/架位号 | 状态 | 备注 |
| 1 | 1235374 | 212353745 | 第一样本阅览室/ [索取号:G83/182] | 在馆 | |
| 2 | 1235375 | 212353754 | 第四借阅区/ [索取号:G83/182] | 在馆 | |
| 3 | 1235376 | 212353763 | 第四借阅区/ [索取号:G83/182] | 在馆 | |
| 4 | 1235377 | 212353772 | 教育系资料室/ [索取号:G83/182] | 在馆 | |
| 5 | 1235378 | 212353781 | 教育系资料室/ [索取号:G83/182] | 在馆 | |
| 6 | 1235379 | 212353790 | 教育系资料室/ [索取号:G83/182] | 在馆 |